<?xml version='1.0' encoding='UTF-8'?>
  <record xmlns="http://www.loc.gov/MARC21/slim">
    <leader>00000cam a2200000 i 4500</leader>
    <controlfield tag="001">ocm64486781</controlfield>
    <controlfield tag="003">OCoLC</controlfield>
    <controlfield tag="005">20250221012219.1</controlfield>
    <controlfield tag="008">870403s1896    ne            000 0 dut d</controlfield>
    <datafield tag="040" ind1=" " ind2=" ">
      <subfield code="a">NLGGC</subfield>
      <subfield code="b">dut</subfield>
      <subfield code="e">fobidrtb</subfield>
      <subfield code="c">NLGGC</subfield>
      <subfield code="d">L2U</subfield>
      <subfield code="d">OCLCO</subfield>
      <subfield code="d">OCLCL</subfield>
      <subfield code="d">OCLCQ</subfield>
    </datafield>
    <datafield tag="029" ind1="0" ind2=" ">
      <subfield code="a">NLGGC</subfield>
      <subfield code="b">037192582</subfield>
    </datafield>
    <datafield tag="035" ind1=" " ind2=" ">
      <subfield code="a">(OCoLC)64486781</subfield>
    </datafield>
    <datafield tag="084" ind1=" " ind2=" ">
      <subfield code="a">11.41</subfield>
      <subfield code="2">bcl</subfield>
    </datafield>
    <datafield tag="100" ind1="1" ind2=" ">
      <subfield code="a">Eyck van Heslinga, H. van</subfield>
      <subfield code="q">(Hendrik),</subfield>
      <subfield code="d">1860-1931.</subfield>
      <subfield code="1">https://id.oclc.org/worldcat/entity/E39PCjqBQ8Q3M4hGcDvDJw8Ryq</subfield>
    </datafield>
    <datafield tag="245" ind1="1" ind2="3">
      <subfield code="a">De eenheid van het scheppingsverhaal tegenover de resultaten der critiek verdedigd en gehandhaafd :</subfield>
      <subfield code="b">met een naschrift naar aanleiding van Prof. Valeton's "Christus en het Oude Testament" /</subfield>
      <subfield code="c">door H. van Eyck van Heslinga.</subfield>
    </datafield>
    <datafield tag="260" ind1=" " ind2=" ">
      <subfield code="a">Leiden :</subfield>
      <subfield code="b">Daamen,</subfield>
      <subfield code="c">1896.</subfield>
    </datafield>
    <datafield tag="300" ind1=" " ind2=" ">
      <subfield code="a">80 p. ;</subfield>
      <subfield code="c">24 cm. +</subfield>
      <subfield code="e">Prospectus: De mozaïsche oorsprong van de wetten in de boeken Exodus, Leviticus en Numeri : lezingen over de moderne schrift-critiek des ouden testaments / door Ph. J. Hoedemaker. - 24 p.</subfield>
    </datafield>
    <datafield tag="336" ind1=" " ind2=" ">
      <subfield code="a">tekst</subfield>
      <subfield code="b">txt</subfield>
      <subfield code="2">rdacontent/dut</subfield>
    </datafield>
    <datafield tag="337" ind1=" " ind2=" ">
      <subfield code="a">zonder medium</subfield>
      <subfield code="b">n</subfield>
      <subfield code="2">rdamedia/dut</subfield>
    </datafield>
    <datafield tag="338" ind1=" " ind2=" ">
      <subfield code="a">band</subfield>
      <subfield code="b">nc</subfield>
      <subfield code="2">rdacarrier/dut</subfield>
    </datafield>
    <datafield tag="530" ind1=" " ind2=" ">
      <subfield code="a">Boek wordt gedigitaliseerd.</subfield>
    </datafield>
    <datafield tag="530" ind1=" " ind2=" ">
      <subfield code="a">Boek wordt verfilmd Metamorfoze UBU.</subfield>
    </datafield>
    <datafield tag="600" ind1="1" ind2="4">
      <subfield code="a">Valeton, J.J.P.</subfield>
      <subfield code="q">(Josue Jean Philippe),</subfield>
      <subfield code="c">jr,</subfield>
      <subfield code="d">1848-1912.</subfield>
      <subfield code="0">(NL-LeOCL)070130957</subfield>
    </datafield>
    <datafield tag="650" ind1=" " ind2="7">
      <subfield code="a">11.41 study and interpretation of the Old Testament.</subfield>
      <subfield code="0">(NL-LeOCL)077594223</subfield>
      <subfield code="2">bcl</subfield>
    </datafield>
    <datafield tag="650" ind1="1" ind2="7">
      <subfield code="a">Bijbelkritiek.</subfield>
      <subfield code="2">gtt</subfield>
      <subfield code="0">(NL-LeOCL)078462541</subfield>
    </datafield>
    <datafield tag="650" ind1="1" ind2="7">
      <subfield code="a">Gezag van de bijbel.</subfield>
      <subfield code="2">gtt</subfield>
      <subfield code="0">(NL-LeOCL)078520347</subfield>
    </datafield>
    <datafield tag="650" ind1="1" ind2="7">
      <subfield code="a">Genesis (bijbelboek)</subfield>
      <subfield code="2">gtt</subfield>
      <subfield code="0">(NL-LeOCL)078516897</subfield>
    </datafield>
    <datafield tag="600" ind1="1" ind2="7">
      <subfield code="a">Valeton, J.J.P.,</subfield>
      <subfield code="c">jr,</subfield>
      <subfield code="d">1848-1912.</subfield>
      <subfield code="0">(NL-LeOCL)070130957</subfield>
      <subfield code="2">nta</subfield>
    </datafield>
    <datafield tag="655" ind1=" " ind2="7">
      <subfield code="a">Polemieken (vorm)</subfield>
      <subfield code="2">gtt</subfield>
      <subfield code="0">(NL-LeOCL)088144399</subfield>
    </datafield>
    <datafield tag="758" ind1=" " ind2=" ">
      <subfield code="a">De eenheid van het scheppingsverhaal tegenover de resultaten der critiek verdedigd en gehandhaafd (Text)</subfield>
      <subfield code="1">https://id.oclc.org/worldcat/entity/E39PCYpqhxpVV8kHr7WvxbVC9C</subfield>
      <subfield code="4">https://id.oclc.org/worldcat/ontology/hasWork</subfield>
    </datafield>
    <datafield tag="776" ind1="0" ind2=" ">
      <subfield code="t">De eenheid van het scheppingsverhaal tegenover de resultaten der critiek verdedigd en gehandhaafd</subfield>
      <subfield code="w">(NL-LeOCL)357949404</subfield>
    </datafield>
    <datafield tag="776" ind1="0" ind2=" ">
      <subfield code="t">De eenheid van het scheppingsverhaal tegenover de resultaten der critiek verdedigd en gehandhaafd</subfield>
      <subfield code="w">(NL-LeOCL)391266489</subfield>
    </datafield>
    <datafield tag="936" ind1=" " ind2=" ">
      <subfield code="a">BATCHLOAD</subfield>
    </datafield>
  </record>